LEADER 00948nam a2200217 i 4500 001 000000134812 003 CaOOAMICUS 005 20080731000000.0 008 080731s1915 it u000 u ita u 013 $a108021 040 $aSeMil$bita 100 1 $aVatti, Aristodemo.$0(OLS)http://semarc/name/55117 245 13$aLe meraviglie dell'arte nella R. Galleria degli Uffizi di Firenze [vol. 1.] /$cAristodemo Vatti. 260 $aFirenze :$bLibreria Salesiana,$c1915?. 500 $aCATALOGAZIONE DA SCHEDARIO CARTACEO. 650 4$aFirenze - Gallerie degli Uffizi.$0(OLS)http://semarc/subject/23627 850 $aSeMil 852 $aSeMil$W1$xVenegono$y1$m5L V 23$j88522$B88522$CSeMilBibl$Z2$F135755 $82 961 $aSmarrito al 2018-08-30 996 $6245$aLe meraviglie dell'arte nella R. Galleria degli Uffizi di Firenze [vol. 1.]$9(OLS)http://semarc/title/197274 996 $6260$aFirenze :$bLibreria Salesiana$9(OLS)http://semarc/publisher/33483 LEADER 01146nam a2200205 i 4500 001 000000224750 003 CaOOAMICUS 005 20131111000000.0 008 131111s1839 it u000 u lat u 013 $a203648 040 $aSeMil$bita 245 10$aTomus 135. 300 $a559 p. 773 0 $aAugustinus, Aurelius $tSancti Augustini Hipponensis episcopi opera omnia multis sermonibus ineditis aucta et locupletata.$b[dal 1842] Editio nova / accurantibus D. A. B. Caillau ... nonnullisque cleri gallicani presbyteris.$dParisiis : Apud Paul Mellier, 1836.$g28$w()10069 773 0 $aGuillon, Marie Nicolas Sylvestre <1760-1847>$tCollectio selecta SS. Ecclesiae Patrum, complectens exquisitissima opera tum dogmatica et moralia, tum apologetica et oratoria; accurantibus D. Caillau ... una cum D.M.N.S. Guillon ..$dParisiis : Apud Méquignon-Havard, 1829-1840 (Parisiis : Typis Decourchant)$g135$w()28977 850 $aSeMil 852 $aSeMil$W1$xVenegono$y1$m2S II 135 FA$j175096$B175096$CSeMilBibl$Z2$F185067 $8I 941 1 $a10 961 $aRecupero: Mantegazza 996 $6245$aTomus 135$9(OLS)http://semarc/title/322065